Zdaňovanie príjmov v ére digitálnej ekonomiky
Digitálna ekonomika je hospodárska činnosť, ktorá je výsledkom miliárd každodenných online spojení medzi ľuďmi, podnikmi, zariadeniami, údajmi a v neposlednom rade aj procesmi. Základom digitálnej ekonomiky je hyperkonektivita, čo predstavuje rastúce prepojenie ľudí, organizácií a strojov, ktoré je...
Uložené v:
| Hlavný autor: | |
|---|---|
| Médium: | Kapitola |
| Jazyk: | Slovak |
| Predmet: | |
| Tagy: |
Žiadne tagy, Buďte prvý, kto otaguje tento záznam!
|
MARC
| LEADER | 00000naa$a2200000$$$4500 | ||
|---|---|---|---|
| 001 | 0305950 | ||
| 005 | 20250109092050.6 | ||
| 041 | 0 | |a slo | |
| 044 | |a SK | ||
| 245 | 1 | 0 | |a Zdaňovanie príjmov v ére digitálnej ekonomiky |c Adela Feranecová |
| 520 | |a Digitálna ekonomika je hospodárska činnosť, ktorá je výsledkom miliárd každodenných online spojení medzi ľuďmi, podnikmi, zariadeniami, údajmi a v neposlednom rade aj procesmi. Základom digitálnej ekonomiky je hyperkonektivita, čo predstavuje rastúce prepojenie ľudí, organizácií a strojov, ktoré je výsledkom internetu a mobilných technológií. | ||
| 610 | 2 | 0 | |a ekonomika digitálna |
| 610 | 2 | 0 | |a zdaňovanie |
| 610 | 2 | 0 | |a príjmy |
| 610 | 2 | 0 | |a technológie komunikačné |
| 610 | 2 | 0 | |a technológie informačné |
| 100 | 1 | |a Feranecová, Adela, 1986- | |